PHARMACY PRACTICE (Record no. 22923)

MARC details
000 -LEADER
fixed length control field 00333nam a22001577a 4500
003 - CONTROL NUMBER IDENTIFIER
control field SGT
020 ## - INTERNATIONAL STANDARD BOOK NUMBER
International Standard Book Number 9780199655328
082 ## - DEWEY DECIMAL CLASSIFICATION NUMBER
Classification number 615.4
Item number P13H
100 ## - MAIN ENTRY--PERSONAL NAME
Personal name HALL,JASON,ed.
245 ## - TITLE STATEMENT
Title PHARMACY PRACTICE
260 ## - PUBLICATION, DISTRIBUTION, ETC. (IMPRINT)
Place of publication, distribution, etc UNITED LINGDOM
Name of publisher, distributor, etc OXFORD
Year of Publication 2013
300 ## - PAGE DESCRIPTION
No. of Pages 166
650 ## - SUBJECT ADDED ENTRY--TOPICAL TERM
Topical term or geographic name as entry element PHARMACY
653 ## - KEYWORDS--INDEX TERM
Keyword term PRACTICE
942 ## - ADDED ENTRY ELEMENTS (KOHA)
Source of classification or shelving scheme Dewey Decimal Classification
Koha item type Books
Holdings
Withdrawn status Lost status Source of classification or shelving scheme Damaged status Use restrictions Not for loan Collection code Home library Current library Shelving location Date acquired Vendor Name SGTU Bill Number Full call number Accession No. (Barcode) Date last seen Bill Date Koha item type
    Dewey Decimal Classification   Restricted Access   PHARMACY SGT FA-FP Library SGT FA-FP Library Reference Book 24/06/2022 AHUJA PUBLICATION SGTU 14474 615.4 P13H FP4269 24/06/2022 19/05/2022 Books
    Dewey Decimal Classification   Restricted Access   PHARMACY SGT FA-FP Library SGT FA-FP Library Reference Book 24/06/2022 AHUJA PUBLICATION SGTU 14474 615.4 P13H FP4270 24/06/2022 19/05/2022 Books